[Event "WYCC Girls U14"]
[Site "Porto Carras"]
[Date "2015.10.28"]
[Round "4.2"]
[White "Shuvalova, Polina"]
[Black "Afonasieva, Anna"]
[Result "1/2-1/2"]
[BlackElo "2093"]
[WhiteElo "2171"]
[LiveChessVersion "1.4.6"]

1. e4 {[%clk 1:30:58]} e6 {[%clk 1:30:44]} 2. d4 {[%clk 1:30:57]} d5
{[%clk 1:30:57]} 3. Nd2 {[%clk 1:31:25]} dxe4 {[%clk 1:30:34]} 4. Nxe4
{[%clk 1:31:39]} Nd7 {[%clk 1:30:52]} 5. Nf3 {[%clk 1:25:21]} Ngf6
{[%clk 1:30:37]} 6. Bg5 {[%clk 1:21:51]} Be7 {[%clk 1:29:43]} 7. Nxf6+
{[%clk 1:22:01]} Bxf6 {[%clk 1:26:18]} 8. Bxf6 {[%clk 1:21:52]} Nxf6
{[%clk 1:26:31]} 9. Bd3 {[%clk 1:13:19]} O-O {[%clk 1:25:11]} 10. Qe2
{[%clk 1:12:06]} c5 {[%clk 1:20:33]} 11. O-O-O {[%clk 1:06:26]} cxd4
{[%clk 1:10:00]} 12. h4 {[%clk 0:58:45]} Qa5 {[%clk 1:04:33]} 13. Kb1
{[%clk 0:56:43]} Bd7 {[%clk 0:59:00]} 14. Nxd4 {[%clk 0:42:37]} e5
{[%clk 0:55:17]} 15. Nb3 {[%clk 0:40:20]} Qc7 {[%clk 0:54:52]} 16. f3
{[%clk 0:40:16]} a5 {[%clk 0:53:23]} 17. a3 {[%clk 0:38:46]} b5 {[%clk 0:48:49]}
18. Bxb5 {[%clk 0:36:18]} Bxb5 {[%clk 0:49:07]} 19. Qxb5 {[%clk 0:36:36]} a4
{[%clk 0:48:52]} 20. Qc5 {[%clk 0:35:09]} Rfc8 {[%clk 0:43:22]} 21. Qxc7
{[%clk 0:34:53]} Rxc7 {[%clk 0:43:48]} 22. Nc1 {[%clk 0:34:38]} Rb8
{[%clk 0:40:55]} 23. Rhe1 {[%clk 0:32:07]} Rc4 {[%clk 0:36:00]} 24. Rxe5
{[%clk 0:27:44]} Rxh4 {[%clk 0:35:56]} 25. c3 {[%clk 0:27:59]} Rh2
{[%clk 0:33:32]} 26. Rd2 {[%clk 0:28:17]} h5 {[%clk 0:33:10]} 27. Nd3
{[%clk 0:24:37]} h4 {[%clk 0:30:17]} 28. Nf4 {[%clk 0:24:13]} Re8
{[%clk 0:25:41]} 29. Rxe8+ {[%clk 0:23:31]} Nxe8 {[%clk 0:26:06]} 30. Kc2
{[%clk 0:23:49]} g5 {[%clk 0:25:32]} 31. Nh3 {[%clk 0:23:26]} f6 {[%clk 0:25:24]}
32. c4 {[%clk 0:20:39]} Kf7 {[%clk 0:23:20]} 33. c5 {[%clk 0:20:59]} Ke6
{[%clk 0:22:58]} 34. Re2+ {[%clk 0:17:48]} Kd7 {[%clk 0:22:56]} 35. Kd3
{[%clk 0:17:06]} Nc7 {[%clk 0:19:41]} 36. Ke4 {[%clk 0:16:13]} Kc6
{[%clk 0:18:33]} 37. Rd2 {[%clk 0:11:48]} Kxc5 {[%clk 0:16:38]} 38. Nf2
{[%clk 0:12:10]} Ne8 {[%clk 0:13:57]} 39. Kf5 {[%clk 0:11:17]} Kc4
{[%clk 0:08:50]} 40. Ng4 {[%clk 0:38:51]} Rh1 {[%clk 0:39:09]} 41. Ne3+
{[%clk 0:32:27]} Kb3 {[%clk 0:33:35]} 42. Rd1 {[%clk 0:32:44]} Rh2
{[%clk 0:31:58]} 43. Rd8 {[%clk 0:31:37]} h3 {[%clk 0:28:05]} 44. gxh3
{[%clk 0:30:09]} Rxh3 {[%clk 0:28:22]} 45. Rxe8 {[%clk 0:28:54]} Rxf3+
{[%clk 0:28:36]} 46. Ke4 {[%clk 0:29:17]} Rf4+ {[%clk 0:26:11]} 47. Kd3
{[%clk 0:29:39]} Kxb2 {[%clk 0:23:13]} 48. Nc4+ {[%clk 0:27:53]} Ka2
{[%clk 0:21:50]} 49. Re2+ {[%clk 0:25:40]} Ka1 {[%clk 0:22:01]} 50. Ne3
{[%clk 0:18:08]} g4 {[%clk 0:18:00]} 51. Nd5 {[%clk 0:16:44]} Rf3+
{[%clk 0:16:10]} 52. Kc4 {[%clk 0:16:55]} Kb1 {[%clk 0:13:10]} 53. Kb4
{[%clk 0:13:37]} f5 {[%clk 0:08:51]} 54. Kxa4 {[%clk 0:11:47]} g3
{[%clk 0:08:43]} 55. Kb4 {[%clk 0:10:18]} f4 {[%clk 0:08:38]} 56. Nc3+
{[%clk 0:08:54]} Kc1 {[%clk 0:08:33]} 57. Kb3 {[%clk 0:08:46]} Rf2
{[%clk 0:08:30]} 58. a4 {[%clk 0:06:19]} f3 {[%clk 0:08:19]} 1/2-1/2

[Event "WYCC Girls U14"]
[Site "Porto Carras"]
[Date "2015.10.28"]
[Round "4.3"]
[White "Wang, Annie"]
[Black "Antova, Gabriela"]
[Result "1/2-1/2"]
[BlackElo "2165"]
[WhiteElo "2087"]
[LiveChessVersion "1.4.6"]

1. d4 {[%clk 1:30:58]} Nf6 {[%clk 1:30:54]} 2. c4 {[%clk 1:31:23]} c5
{[%clk 1:31:21]} 3. d5 {[%clk 1:31:47]} e6 {[%clk 1:31:47]} 4. Nc3
{[%clk 1:32:12]} exd5 {[%clk 1:32:14]} 5. cxd5 {[%clk 1:32:35]} d6
{[%clk 1:32:39]} 6. Nf3 {[%clk 1:32:56]} g6 {[%clk 1:33:02]} 7. Bf4
{[%clk 1:33:16]} a6 {[%clk 1:33:25]} 8. a4 {[%clk 1:33:35]} Bg7 {[%clk 1:32:55]}
9. e4 {[%clk 1:33:42]} O-O {[%clk 1:26:36]} 10. Bd3 {[%clk 1:33:30]} Nh5
{[%clk 1:23:23]} 11. Bg5 {[%clk 1:29:57]} Qc7 {[%clk 1:23:31]} 12. O-O
{[%clk 1:29:06]} Bg4 {[%clk 1:18:33]} 13. Be2 {[%clk 1:24:52]} Nd7
{[%clk 1:13:19]} 14. h3 {[%clk 1:23:11]} Bxf3 {[%clk 1:13:37]} 15. Bxf3
{[%clk 1:23:16]} Nhf6 {[%clk 1:13:51]} 16. Rc1 {[%clk 1:17:52]} Qb6
{[%clk 0:56:27]} 17. Qd2 {[%clk 1:13:45]} Rfe8 {[%clk 0:54:58]} 18. Rfe1
{[%clk 1:07:56]} Rac8 {[%clk 0:52:41]} 19. Be3 {[%clk 1:03:36]} Qa5
{[%clk 0:50:32]} 20. Ra1 {[%clk 0:56:08]} c4 {[%clk 0:45:46]} 21. Be2
{[%clk 0:50:10]} Qc7 {[%clk 0:34:31]} 22. Qc2 {[%clk 0:46:21]} Nc5
{[%clk 0:30:52]} 23. Bxc5 {[%clk 0:44:56]} Qxc5 {[%clk 0:31:07]} 24. a5
{[%clk 0:44:21]} Qd4 {[%clk 0:21:09]} 25. Bf3 {[%clk 0:39:43]} Nd7
{[%clk 0:20:45]} 26. Red1 {[%clk 0:37:49]} Qf6 {[%clk 0:19:11]} 27. Bg4
{[%clk 0:37:42]} Rc7 {[%clk 0:19:30]} 28. Bxd7 {[%clk 0:34:04]} Rxd7
{[%clk 0:19:59]} 29. Qa4 {[%clk 0:34:16]} Qe7 {[%clk 0:18:53]} 30. Qxc4
{[%clk 0:30:57]} Rc7 {[%clk 0:18:25]} 31. Qb4 {[%clk 0:29:36]} Bxc3
{[%clk 0:17:39]} 32. bxc3 {[%clk 0:29:55]} Rec8 {[%clk 0:17:44]} 33. Rab1
{[%clk 0:27:05]} Rxc3 {[%clk 0:16:20]} 34. Qxb7 {[%clk 0:24:09]} Qxb7
{[%clk 0:11:21]} 35. Rxb7 {[%clk 0:24:30]} Ra3 {[%clk 0:11:33]} 36. Rb6
{[%clk 0:22:00]} Rxa5 {[%clk 0:11:26]} 37. Rxd6 {[%clk 0:22:21]} Ra2
{[%clk 0:09:44]} 38. Rb6 {[%clk 0:20:30]} Kg7 {[%clk 0:06:06]} 39. Rb3
{[%clk 0:10:49]} Re2 {[%clk 0:05:05]} 40. Re3 {[%clk 0:34:04]} Rxe3
{[%clk 0:34:38]} 41. fxe3 {[%clk 0:34:27]} Re8 {[%clk 0:26:23]} 42. Rd4
{[%clk 0:29:01]} Kf6 {[%clk 0:25:58]} 43. Kf2 {[%clk 0:27:51]} Ke5
{[%clk 0:20:55]} 44. Kf3 {[%clk 0:25:59]} Rd8 {[%clk 0:19:44]} 45. Rb4
{[%clk 0:22:16]} Rd6 {[%clk 0:19:47]} 46. Rb7 {[%clk 0:22:18]} Rf6+
{[%clk 0:16:41]} 47. Ke2 {[%clk 0:21:21]} Kxe4 {[%clk 0:16:38]} 48. Rd7
{[%clk 0:19:56]} Ke5 1/2-1/2

[Event "WYCC Girls U14"]
[Site "Porto Carras"]
[Date "2015.10.28"]
[Round "4.4"]
[White "Badelka, Olga"]
[Black "Ouellet, Maili-Jade"]
[Result "1-0"]
[BlackElo "2005"]
[WhiteElo "2145"]
[LiveChessVersion "1.4.6"]

1. d4 {[%clk 1:30:58]} d5 {[%clk 1:30:54]} 2. c4 {[%clk 1:31:24]} e6
{[%clk 1:31:20]} 3. Nc3 {[%clk 1:31:49]} Nf6 {[%clk 1:31:45]} 4. cxd5
{[%clk 1:32:16]} exd5 {[%clk 1:32:09]} 5. Bg5 {[%clk 1:32:41]} Be7
{[%clk 1:32:33]} 6. e3 {[%clk 1:33:06]} O-O {[%clk 1:32:56]} 7. Qc2
{[%clk 1:33:31]} b6 {[%clk 1:32:15]} 8. Bd3 {[%clk 1:27:45]} h6 {[%clk 1:31:20]}
9. Bh4 {[%clk 1:27:53]} Bb7 {[%clk 1:31:02]} 10. Nge2 {[%clk 1:26:34]} c5
{[%clk 1:31:00]} 11. O-O {[%clk 1:25:30]} Nbd7 {[%clk 1:30:53]} 12. f3
{[%clk 1:23:22]} Re8 {[%clk 1:24:07]} 13. Rad1 {[%clk 1:21:34]} a6
{[%clk 1:09:03]} 14. Kh1 {[%clk 1:18:32]} Nf8 {[%clk 1:06:13]} 15. Bf2
{[%clk 1:17:56]} Qc7 {[%clk 1:01:42]} 16. Qb1 {[%clk 1:17:56]} Rad8
{[%clk 0:58:04]} 17. Bg1 {[%clk 1:15:59]} Ne6 {[%clk 0:57:21]} 18. a3
{[%clk 1:05:27]} Bd6 {[%clk 0:51:45]} 19. Qa2 {[%clk 1:00:08]} Qe7
{[%clk 0:40:10]} 20. Bc2 {[%clk 0:54:34]} h5 {[%clk 0:34:07]} 21. dxc5
{[%clk 0:50:01]} bxc5 {[%clk 0:33:09]} 22. Bb3 {[%clk 0:50:01]} Nc7
{[%clk 0:32:42]} 23. Ba4 {[%clk 0:47:48]} Rf8 {[%clk 0:32:54]} 24. Qb1
{[%clk 0:37:31]} Bc8 {[%clk 0:24:30]} 25. Bc6 {[%clk 0:33:09]} Be6
{[%clk 0:20:49]} 26. Nf4 {[%clk 0:31:32]} Bxf4 {[%clk 0:19:27]} 27. exf4
{[%clk 0:31:57]} g6 {[%clk 0:18:33]} 28. Qc1 {[%clk 0:25:39]} Qd6
{[%clk 0:12:00]} 29. Ba4 {[%clk 0:26:02]} Bf5 {[%clk 0:11:20]} 30. Ne4
{[%clk 0:23:37]} Nxe4 {[%clk 0:01:05]} 31. fxe4 {[%clk 0:24:02]} Bd7
{[%clk 0:01:19]} 32. Bxc5 {[%clk 0:22:57]} Qf6 {[%clk 0:01:19]} 33. Bxd7
{[%clk 0:22:33]} Rxd7 {[%clk 0:01:41]} 34. Bxf8 {[%clk 0:22:48]} Kxf8
{[%clk 0:02:01]} 35. exd5 {[%clk 0:22:52]} Qd6 {[%clk 0:01:02]} 36. Qc6
{[%clk 0:22:16]} Kg7 {[%clk 0:00:33]} 37. Qxd6 {[%clk 0:22:23]} Rxd6
{[%clk 0:01:02]} 38. Rd2 {[%clk 0:21:46]} Kf6 {[%clk 0:00:57]} 39. Rc1
{[%clk 0:21:34]} Nxd5 {[%clk 0:00:48]} 40. Rcd1 {[%clk 0:51:56]} Ke6
{[%clk 0:31:13]} 41. b4 {[%clk 0:52:02]} Rd8 {[%clk 0:29:33]} 42. a4
{[%clk 0:51:20]} Rd6 {[%clk 0:29:36]} 43. b5 {[%clk 0:51:24]} axb5
{[%clk 0:30:00]} 44. axb5 {[%clk 0:51:50]} Rd7 {[%clk 0:29:57]} 45. g3
{[%clk 0:52:06]} f6 {[%clk 0:30:05]} 46. h4 {[%clk 0:51:47]} Nb6 {[%clk 0:26:06]}
47. Rxd7 {[%clk 0:51:33]} Nxd7 {[%clk 0:26:30]} 48. Kg2 {[%clk 0:51:44]} 1-0

[Event "WYCC Girls U14"]
[Site "Porto Carras"]
[Date "2015.10.28"]
[Round "4.5"]
[White "Kovacs, Judit"]
[Black "Radeva, Viktoria"]
[Result "1/2-1/2"]
[BlackElo "2145"]
[WhiteElo "1950"]
[LiveChessVersion "1.4.6"]

1. Nf3 {[%clk 1:30:57]} Nf6 {[%clk 1:30:54]} 2. c4 {[%clk 1:31:18]} g6
{[%clk 1:31:12]} 3. g3 {[%clk 1:31:39]} Bg7 {[%clk 1:31:35]} 4. Bg2
{[%clk 1:31:59]} O-O {[%clk 1:31:56]} 5. d4 {[%clk 1:32:15]} d6 {[%clk 1:32:02]}
6. Nc3 {[%clk 1:32:26]} Nc6 {[%clk 1:30:34]} 7. O-O {[%clk 1:32:18]} a6
{[%clk 1:30:50]} 8. h3 {[%clk 1:31:41]} Rb8 {[%clk 1:30:56]} 9. Be3
{[%clk 1:30:17]} Bd7 {[%clk 1:29:29]} 10. Rc1 {[%clk 1:28:24]} b5
{[%clk 1:23:54]} 11. Nd2 {[%clk 1:26:06]} b4 {[%clk 1:18:16]} 12. Nce4
{[%clk 1:22:26]} Nxe4 {[%clk 1:14:13]} 13. Nxe4 {[%clk 1:21:48]} e5
{[%clk 1:07:24]} 14. dxe5 {[%clk 1:15:50]} Bxe5 {[%clk 1:01:57]} 15. Qd2
{[%clk 1:01:37]} f5 {[%clk 0:47:22]} 16. Ng5 {[%clk 0:57:02]} Qf6
{[%clk 0:44:26]} 17. Rb1 {[%clk 0:45:56]} Kh8 {[%clk 0:27:13]} 18. Nf3
{[%clk 0:39:08]} Qe7 {[%clk 0:17:22]} 19. Nxe5 {[%clk 0:35:31]} Nxe5
{[%clk 0:17:37]} 20. b3 {[%clk 0:17:43]} Bc6 {[%clk 0:11:11]} 21. Bd4
{[%clk 0:15:37]} Bxg2 {[%clk 0:11:28]} 22. Kxg2 {[%clk 0:16:03]} Kg8
{[%clk 0:11:11]} 23. Ba1 {[%clk 0:13:52]} Nd7 {[%clk 0:09:27]} 24. Qd5+
{[%clk 0:12:18]} Rf7 {[%clk 0:08:38]} 25. Rbe1 {[%clk 0:10:40]} Nf6
{[%clk 0:07:25]} 26. Bxf6 {[%clk 0:10:03]} Qxf6 {[%clk 0:07:49]} 27. e3
{[%clk 0:07:50]} Kg7 {[%clk 0:06:58]} 28. c5 {[%clk 0:05:56]} Rb5
{[%clk 0:05:48]} 29. Rc1 {[%clk 0:05:47]} Re7 {[%clk 0:04:47]} 30. Rfd1
{[%clk 0:04:43]} Re5 {[%clk 0:03:24]} 31. Qa8 {[%clk 0:04:41]} Rexc5
{[%clk 0:03:18]} 32. Rxc5 {[%clk 0:04:33]} Rxc5 {[%clk 0:03:30]} 33. Qxa6
{[%clk 0:04:35]} Qe5 {[%clk 0:02:21]} 34. Qe2 {[%clk 0:04:35]} Qe4+
{[%clk 0:01:53]} 35. Kg1 {[%clk 0:02:37]} Rc2 {[%clk 0:01:57]} 36. Rd2
{[%clk 0:02:07]} Rc1+ {[%clk 0:02:18]} 37. Rd1 {[%clk 0:02:33]} Rc2
{[%clk 0:01:32]} 38. Rd2 {[%clk 0:02:57]} Rc1+ {[%clk 0:01:22]} 39. Rd1
{[%clk 0:03:23]} Qc2 {[%clk 0:00:38]} 40. Qxc2 {[%clk 0:33:40]} Rxc2
{[%clk 0:31:06]} 41. Rd4 {[%clk 0:32:56]} Rxa2 {[%clk 0:29:38]} 42. Rxb4
{[%clk 0:32:09]} Rc2 {[%clk 0:29:43]} 43. Kg2 {[%clk 0:18:10]} Kf6
{[%clk 0:28:18]} 44. Kf3 {[%clk 0:17:48]} h5 {[%clk 0:25:56]} 45. g4
{[%clk 0:15:52]} fxg4+ {[%clk 0:25:26]} 46. hxg4 {[%clk 0:15:52]} hxg4+
{[%clk 0:25:01]} 47. Rxg4 {[%clk 0:16:04]} Rb2 {[%clk 0:24:21]} 1/2-1/2

[Event "WYCC Girls U14"]
[Site "Porto Carras"]
[Date "2015.10.28"]
[Round "4.6"]
[White "Cvitan, Ena"]
[Black "Kalaiyalahan, Akshaya"]
[Result "0-1"]
[BlackElo "2233"]
[WhiteElo "2007"]
[LiveChessVersion "1.4.6"]

1. d4 {[%clk 1:30:59]} d5 {[%clk 1:30:51]} 2. c4 {[%clk 1:31:24]} c6
{[%clk 1:31:15]} 3. cxd5 {[%clk 1:31:48]} cxd5 {[%clk 1:31:39]} 4. Nc3
{[%clk 1:32:12]} Nf6 {[%clk 1:31:48]} 5. Nf3 {[%clk 1:32:27]} Nc6
{[%clk 1:32:05]} 6. Bf4 {[%clk 1:32:38]} Nh5 {[%clk 1:32:15]} 7. Be5
{[%clk 1:25:55]} e6 {[%clk 1:30:03]} 8. e3 {[%clk 1:26:07]} a6 {[%clk 1:29:34]}
9. Bd3 {[%clk 1:26:20]} Nf6 {[%clk 1:27:16]} 10. Bf4 {[%clk 1:26:00]} Be7
{[%clk 1:25:35]} 11. h3 {[%clk 1:25:16]} Bd7 {[%clk 1:23:23]} 12. O-O
{[%clk 1:23:25]} O-O {[%clk 1:23:46]} 13. Rc1 {[%clk 1:23:16]} Rc8
{[%clk 1:20:27]} 14. Ne5 {[%clk 1:18:12]} Na5 {[%clk 1:06:36]} 15. g4
{[%clk 1:02:09]} Nc4 {[%clk 0:58:44]} 16. Qc2 {[%clk 0:59:48]} b5
{[%clk 0:47:46]} 17. Qe2 {[%clk 0:51:00]} Be8 {[%clk 0:37:26]} 18. Nb1
{[%clk 0:43:34]} Nd7 {[%clk 0:34:48]} 19. Nxd7 {[%clk 0:43:31]} Bxd7
{[%clk 0:34:46]} 20. Rc2 {[%clk 0:43:27]} Qa5 {[%clk 0:28:38]} 21. a3
{[%clk 0:40:31]} b4 {[%clk 0:26:52]} 22. axb4 {[%clk 0:39:07]} Qxb4
{[%clk 0:27:03]} 23. Bxc4 {[%clk 0:37:54]} dxc4 {[%clk 0:26:26]} 24. Nc3
{[%clk 0:37:25]} Bc6 {[%clk 0:26:02]} 25. f3 {[%clk 0:37:22]} Rfd8
{[%clk 0:25:42]} 26. Ra1 {[%clk 0:35:23]} Qb3 {[%clk 0:24:56]} 27. Kf2
{[%clk 0:33:48]} Bh4+ {[%clk 0:23:33]} 28. Bg3 {[%clk 0:34:00]} Be7
{[%clk 0:21:09]} 29. Ne4 {[%clk 0:26:17]} Bxe4 {[%clk 0:15:42]} 30. fxe4
{[%clk 0:26:36]} Qb7 {[%clk 0:16:01]} 31. Qf3 {[%clk 0:26:16]} Rf8
{[%clk 0:14:56]} 32. Kg2 {[%clk 0:25:44]} Qb3 {[%clk 0:14:42]} 33. Rf2
{[%clk 0:25:08]} c3 {[%clk 0:14:55]} 34. bxc3 {[%clk 0:21:52]} Rxc3
{[%clk 0:15:16]} 35. Re2 {[%clk 0:22:17]} Bg5 {[%clk 0:11:00]} 36. Bf2
{[%clk 0:19:01]} Qc4 {[%clk 0:07:48]} 37. Ra5 {[%clk 0:15:37]} Bf6
{[%clk 0:05:44]} 38. Rc5 {[%clk 0:13:55]} Qb3 {[%clk 0:05:42]} 39. Rxc3
{[%clk 0:13:26]} Qxc3 {[%clk 0:06:08]} 40. Ra2 {[%clk 0:42:57]} a5
{[%clk 0:36:12]} 41. Qd1 {[%clk 0:40:37]} Bg5 {[%clk 0:34:31]} 42. Qe2
{[%clk 0:40:20]} g6 {[%clk 0:31:33]} 43. h4 {[%clk 0:40:13]} Bd8 {[%clk 0:31:17]}
44. Be1 {[%clk 0:40:21]} Qc6 {[%clk 0:31:10]} 45. Qf3 {[%clk 0:40:11]} Qc4
{[%clk 0:30:23]} 46. Ra1 {[%clk 0:36:40]} Qc2+ {[%clk 0:29:36]} 47. Kh3
{[%clk 0:35:20]} Bc7 {[%clk 0:27:23]} 48. Qg2 {[%clk 0:33:29]} Qd3
{[%clk 0:26:49]} 49. Bf2 {[%clk 0:31:07]} Rd8 {[%clk 0:22:45]} 50. h5
{[%clk 0:30:51]} Rxd4 {[%clk 0:22:04]} 51. Rc1 {[%clk 0:30:05]} Rd7
{[%clk 0:22:08]} 52. h6 {[%clk 0:29:12]} f5 {[%clk 0:19:55]} 53. exf5
{[%clk 0:26:39]} exf5 {[%clk 0:20:21]} 54. gxf5 {[%clk 0:25:27]} Qxf5+
{[%clk 0:20:33]} 0-1

[Event "WYCC Girls U14"]
[Site "Porto Carras"]
[Date "2015.10.28"]
[Round "4.7"]
[White "Nosacheva, Mariya"]
[Black "Obolentseva, Alexandra"]
[Result "1/2-1/2"]
[BlackElo "2084"]
[WhiteElo "1937"]
[LiveChessVersion "1.4.6"]

1. e4 {[%clk 1:30:59]} c5 {[%clk 1:30:55]} 2. Nf3 {[%clk 1:31:26]} d6
{[%clk 1:31:21]} 3. d4 {[%clk 1:31:53]} cxd4 {[%clk 1:31:47]} 4. Nxd4
{[%clk 1:32:20]} Nf6 {[%clk 1:32:12]} 5. Nc3 {[%clk 1:32:46]} a6 {[%clk 1:32:38]}
6. Be3 {[%clk 1:33:12]} e6 {[%clk 1:33:04]} 7. g4 {[%clk 1:33:37]} h5
{[%clk 1:33:25]} 8. g5 {[%clk 1:33:58]} Ng4 {[%clk 1:33:49]} 9. Bc1
{[%clk 1:34:25]} b5 {[%clk 1:34:15]} 10. f4 {[%clk 1:24:33]} b4 {[%clk 1:34:39]}
11. Nce2 {[%clk 1:21:46]} e5 {[%clk 1:35:03]} 12. h3 {[%clk 1:21:54]} exd4
{[%clk 1:35:29]} 13. hxg4 {[%clk 1:22:18]} Bxg4 {[%clk 1:35:45]} 14. Qxd4
{[%clk 1:22:01]} Nc6 {[%clk 1:35:40]} 15. Qd3 {[%clk 1:15:30]} Qc7
{[%clk 1:32:58]} 16. Bd2 {[%clk 1:10:21]} g6 {[%clk 1:30:02]} 17. O-O-O
{[%clk 1:06:56]} Bg7 {[%clk 1:30:05]} 18. Bh3 {[%clk 0:58:57]} Bxh3
{[%clk 1:22:20]} 19. Rxh3 {[%clk 0:58:28]} O-O {[%clk 1:19:50]} 20. Qc4
{[%clk 0:49:06]} Rac8 {[%clk 1:17:43]} 21. f5 {[%clk 0:45:22]} Qd7
{[%clk 1:16:29]} 22. Qd5 {[%clk 0:45:47]} Ne7 {[%clk 1:07:55]} 23. Qd3
{[%clk 0:46:13]} gxf5 {[%clk 1:07:36]} 24. Rxh5 {[%clk 0:45:06]} fxe4
{[%clk 1:02:33]} 25. Qxe4 {[%clk 0:45:35]} Qf5 {[%clk 1:02:48]} 26. Ng3
{[%clk 0:45:52]} Qg6 {[%clk 0:57:43]} 27. Bxb4 {[%clk 0:43:33]} d5
{[%clk 0:53:22]} 28. Qd3 {[%clk 0:41:36]} Rfe8 {[%clk 0:49:55]} 29. Kb1
{[%clk 0:33:49]} Qxd3 {[%clk 0:44:17]} 30. Rxd3 {[%clk 0:23:44]} Nc6
{[%clk 0:43:45]} 31. Bd2 {[%clk 0:24:12]} Ne5 {[%clk 0:41:26]} 32. Rxd5
{[%clk 0:24:08]} Nc4 {[%clk 0:41:13]} 33. c3 {[%clk 0:19:16]} Rb8
{[%clk 0:39:56]} 34. b3 {[%clk 0:19:12]} Nxd2+ {[%clk 0:40:04]} 35. Rxd2
{[%clk 0:19:41]} Bxc3 {[%clk 0:40:12]} 36. Rd1 {[%clk 0:20:10]} Rb5
{[%clk 0:39:02]} 37. Rh4 {[%clk 0:17:21]} Re1 {[%clk 0:33:57]} 38. Rxe1
{[%clk 0:17:11]} Bxe1 {[%clk 0:34:22]} 39. Rg4 {[%clk 0:17:29]} Bxg3
{[%clk 0:34:42]} 40. Rxg3 {[%clk 0:47:54]} 1/2-1/2

[Event "WYCC Girls U14"]
[Site "Porto Carras"]
[Date "2015.10.28"]
[Round "4.8"]
[White "Redondo Benavente, Ana"]
[Black "Kalantari, Sedigheh"]
[Result "1/2-1/2"]
[BlackElo "1953"]
[WhiteElo "2064"]
[LiveChessVersion "1.4.6"]

1. e4 {[%clk 1:30:57]} c5 {[%clk 1:30:55]} 2. c3 {[%clk 1:31:16]} Nf6
{[%clk 1:31:20]} 3. e5 {[%clk 1:31:29]} Nd5 {[%clk 1:31:46]} 4. d4
{[%clk 1:31:36]} cxd4 {[%clk 1:32:06]} 5. Nf3 {[%clk 1:31:52]} d6
{[%clk 1:32:30]} 6. cxd4 {[%clk 1:31:45]} Nc6 {[%clk 1:32:32]} 7. Bc4
{[%clk 1:31:50]} Nb6 {[%clk 1:33:00]} 8. Bb5 {[%clk 1:31:58]} Bd7
{[%clk 1:33:28]} 9. Nc3 {[%clk 1:31:59]} dxe5 {[%clk 1:33:41]} 10. d5
{[%clk 1:31:30]} Nd4 {[%clk 1:15:20]} 11. Bxd7+ {[%clk 1:30:19]} Nxd7
{[%clk 1:13:30]} 12. Nxd4 {[%clk 1:28:03]} exd4 {[%clk 1:13:49]} 13. Qxd4
{[%clk 1:28:19]} Qb6 {[%clk 1:01:56]} 14. Qc4 {[%clk 1:23:08]} a6
{[%clk 0:41:31]} 15. Be3 {[%clk 1:13:50]} Qa5 {[%clk 0:33:50]} 16. O-O
{[%clk 1:12:35]} g6 {[%clk 0:29:56]} 17. Bd4 {[%clk 1:10:18]} Rg8
{[%clk 0:27:40]} 18. Rfe1 {[%clk 1:09:30]} Bg7 {[%clk 0:24:26]} 19. b4
{[%clk 0:36:45]} Qd8 {[%clk 0:22:05]} 20. Bxg7 {[%clk 0:30:33]} Rxg7
{[%clk 0:22:15]} 21. Re3 {[%clk 0:30:28]} Kf8 {[%clk 0:19:51]} 22. Rae1
{[%clk 0:30:05]} f6 {[%clk 0:18:55]} 23. f4 {[%clk 0:28:43]} Rc8 {[%clk 0:18:29]}
24. Qb3 {[%clk 0:28:33]} Nb6 {[%clk 0:17:01]} 25. Rd3 {[%clk 0:19:59]} Nc4
{[%clk 0:15:45]} 26. Ne4 {[%clk 0:20:01]} b6 {[%clk 0:13:34]} 27. Nc3
{[%clk 0:15:30]} Nd6 {[%clk 0:13:16]} 28. Ne2 {[%clk 0:15:49]} Rf7
{[%clk 0:12:39]} 29. Nd4 {[%clk 0:15:55]} Kg8 {[%clk 0:12:58]} 30. Nc6
{[%clk 0:15:12]} Qd7 {[%clk 0:12:19]} 31. Re6 {[%clk 0:15:19]} b5
{[%clk 0:10:14]} 32. Rde3 {[%clk 0:14:39]} Re8 {[%clk 0:10:18]} 33. Qd3
{[%clk 0:14:24]} Nf5 {[%clk 0:09:15]} 34. Re2 {[%clk 0:13:24]} Nd6
{[%clk 0:06:50]} 35. Qd4 {[%clk 0:12:08]} Nc4 {[%clk 0:05:40]} 36. Qc5
{[%clk 0:12:05]} Kf8 {[%clk 0:05:10]} 37. g4 {[%clk 0:10:55]} Nd6
{[%clk 0:04:53]} 38. Kf2 {[%clk 0:08:37]} Nc4 {[%clk 0:04:06]} 39. Kf3
{[%clk 0:06:44]} Nd6 {[%clk 0:03:24]} 40. Kg3 {[%clk 0:35:17]} Nc4
{[%clk 0:33:43]} 41. Rc2 {[%clk 0:32:51]} g5 {[%clk 0:30:41]} 42. fxg5
{[%clk 0:29:25]} fxg5 {[%clk 0:28:46]} 43. Ne5 {[%clk 0:28:11]} Nxe5
{[%clk 0:29:08]} 44. Rxe5 {[%clk 0:28:34]} Qd6 {[%clk 0:23:40]} 45. Qxd6
{[%clk 0:27:10]} exd6 {[%clk 0:24:09]} 46. Rxe8+ {[%clk 0:22:12]} Kxe8
{[%clk 0:24:38]} 47. Rc6 {[%clk 0:22:33]} Rf4 {[%clk 0:22:27]} 48. Rxd6
{[%clk 0:20:33]} Rxb4 {[%clk 0:22:51]} 49. Rxa6 {[%clk 0:20:44]} Rd4
{[%clk 0:23:14]} 50. Kf3 {[%clk 0:12:49]} Rxd5 {[%clk 0:23:05]} 51. Ke4
{[%clk 0:12:57]} Rd2 {[%clk 0:19:11]} 52. h3 {[%clk 0:12:20]} Kf7
{[%clk 0:18:48]} 53. Kf5 {[%clk 0:12:02]} Rd5+ {[%clk 0:18:28]} 54. Ke4
{[%clk 0:12:29]} Rd2 {[%clk 0:18:41]} 55. Ke5 {[%clk 0:10:05]} Rd3
{[%clk 0:17:36]} 56. Ra5 {[%clk 0:09:39]} b4 {[%clk 0:16:22]} 57. Kf5
{[%clk 0:09:20]} Rxh3 {[%clk 0:16:20]} 58. Ra7+ {[%clk 0:09:48]} Kg8
{[%clk 0:16:05]} 59. Kxg5 {[%clk 0:09:15]} b3 {[%clk 0:15:43]} 60. axb3
{[%clk 0:06:51]} 1/2-1/2